Illinois blue book. (Record no. 3827)

MARC details
000 -LEADER
fixed length control field 01793cas a2200481 a 4500
001 - CONTROL NUMBER
control field 11429065
003 - CONTROL NUMBER IDENTIFIER
control field OSt
005 - DATE AND TIME OF LATEST TRANSACTION
control field 20230704133442.0
007 - PHYSICAL DESCRIPTION FIXED FIELD--GENERAL INFORMATION
fixed length control field he bmb---baca
008 - FIXED-LENGTH DATA ELEMENTS--GENERAL INFORMATION
fixed length control field 870709c19039999ilugr b s0 0eng c
010 ## - LIBRARY OF CONGRESS CONTROL NUMBER
LC control number sf 94090253
Canceled/invalid LC control number sf 93094347
-- 10013132
022 ## - INTERNATIONAL STANDARD SERIAL NUMBER
International Standard Serial Number 0191-104X
ISSN-L 0191-104X
035 ## - SYSTEM CONTROL NUMBER
System control number (OCoLC)ocm16150114
037 ## - SOURCE OF ACQUISITION
Source of stock number/acquisition Documents Unit, Illinois State Library, Centennial Bldg., Springfield, IL 62756
040 ## - CATALOGING SOURCE
Original cataloging agency SPI
Language of cataloging eng
Transcribing agency SPI
Modifying agency DLC
-- OCLCQ
-- EMI
-- OCLCQ
-- OCLCF
-- OCLCO
-- OCL
-- OCLCQ
-- OCLCA
042 ## - AUTHENTICATION CODE
Authentication code pcc
043 ## - GEOGRAPHIC AREA CODE
Geographic area code n-us-il
050 00 - LIBRARY OF CONGRESS CALL NUMBER
Classification number Microfiche (o) 93/6845
050 04 - LIBRARY OF CONGRESS CALL NUMBER
Classification number JK5730
Item number .A25
082 04 - DEWEY DECIMAL CLASSIFICATION NUMBER
Classification number 353.9773
Item number WHI
245 00 - TITLE STATEMENT
Title Illinois blue book.
246 30 - VARYING FORM OF TITLE
Title proper/short title Blue book of the State of Illinois
260 ## - PUBLICATION, DISTRIBUTION, ETC. (IMPRINT)
Place of publication, distribution, etc. [Springfield Ill.] :
Name of publisher, distributor, etc. [Illinois Secretary of State],
Date of publication, distribution, etc. [1903-]
300 ## - PHYSICAL DESCRIPTION
Extent volumes :
Other physical details illustrations, portraits, maps ;
Dimensions 23 cm
310 ## - CURRENT PUBLICATION FREQUENCY
Current publication frequency Biennial
336 ## - CONTENT TYPE
Content type term text
Content type code txt
Source rdacontent
337 ## - MEDIA TYPE
Media type term microform
Media type code h
Source rdamedia
338 ## - CARRIER TYPE
Carrier type term microfiche
Carrier type code he
Source rdacarrier
362 0# - DATES OF PUBLICATION AND/OR SEQUENTIAL DESIGNATION
Dates of publication and/or sequential designation 1903-
533 ## - REPRODUCTION NOTE
Type of reproduction Microfiche.
Place of reproduction Springfield, Ill. :
Agency responsible for reproduction Illinois Secretary of State, Micrographics Division,
Date of reproduction 1987-
Physical description of reproduction microfiches : negative.
590 ## - LOCAL NOTE (RLIN)
Local note SERBIB/SERLOC merged record
650 #7 - SUBJECT ADDED ENTRY--TOPICAL TERM
Topical term or geographic name as entry element Politics and government
Source of heading or term fast
Authority record control number (OCoLC)fst01919741
651 #0 - SUBJECT ADDED ENTRY--GEOGRAPHIC NAME
Geographic name Illinois
Form subdivision Registers.
651 #0 - SUBJECT ADDED ENTRY--GEOGRAPHIC NAME
Geographic name Illinois
General subdivision Politics and government
Form subdivision Periodicals.
651 #7 - SUBJECT ADDED ENTRY--GEOGRAPHIC NAME
Geographic name Illinois.
Source of heading or term fast
Authority record control number (OCoLC)fst01205143
655 #7 - INDEX TERM--GENRE/FORM
Genre/form data or focus term Periodicals.
Source of term fast
Authority record control number (OCoLC)fst01411641
655 #7 - INDEX TERM--GENRE/FORM
Genre/form data or focus term Registers (Lists)
Source of term fast
Authority record control number (OCoLC)fst01919964
710 1# - ADDED ENTRY--CORPORATE NAME
Corporate name or jurisdiction name as entry element Illinois.
Subordinate unit Office of Secretary of State.
776 08 - ADDITIONAL PHYSICAL FORM ENTRY
Relationship information Online version:
Title Illinois blue book
Record control number (OCoLC)862946136
906 ## - LOCAL DATA ELEMENT F, LDF (RLIN)
a 7
b cbc
c serials
d u
e ncip
f 19
g n-oclcserc
942 ## - ADDED ENTRY ELEMENTS (KOHA)
Source of classification or shelving scheme Dewey Decimal Classification
Koha item type Books
Holdings
Withdrawn status Lost status Source of classification or shelving scheme Damaged status Not for loan Home library Current library Date acquired Total Checkouts Full call number Barcode Date last seen Price effective from Koha item type
    Dewey Decimal Classification     County Hall Archives County Hall Archives 07/04/2023   353.9773 WHI 10013870 07/04/2023 07/04/2023 Books
LIBRARY OPENING HOURS

When the Parliament is sitting: 8.00a.m - 7.00p.m or until the house adjourns
Mondays and Fridays and when the House is on Recess:  8.00a.m - 5.00p.m
Closed on Weekends and Public Holidays

Online Public Access Catalog (OPAC)
Website: http://www.parliament.go.ke
Bunge Library: https://libraryir.parliament.go.ke
Contact: library@parliament.go.ke | Tel no: (254-2)2221291 or 2848000 Ext 5043